Australians in Film Quiz Stats

 Plays Quiz not verified by Sporcle

Score 0/20 Timer 03:00
0 Plays Today
% Correct
Nicole Kidman
98.2%
Russell Crowe
89.5%
Heath Ledger
87.7%
Mel Gibson
86.8%
Hugh Jackman
86.8%
Cate Blanchett
81.1%
Geoffrey Rush
72.8%
Hugo Weaving
70.6%
Eric Bana
69.3%
Naomi Watts
67.1%
% Correct
Guy Pearce
64.9%
Toni Collette
58.3%
Sam Worthington
56.6%
Baz Luhrmann
50%
Simon Baker
43.1%
Peter Weir
31.1%
Jacki Weaver
27.1%
Abbie Cornish
15.3%
Alex Proyas
13.2%
Phillip Noyce
8.3%

You're not logged in!

Compare scores with friends on all Sporcle quizzes.
OR
Log In

Show Comments

Extras

Top Quizzes Today


Score Distribution

Your Account Isn't Verified!

In order to create a playlist on Sporcle, you need to verify the email address you used during registration. Go to your Sporcle Settings to finish the process.

Report this User

Report this user for behavior that violates our Community Guidelines.

Details: